01184ngm a2200265 4500003000400000005001700004007000400021008004000025010001900065024001900084035001900103040001300122082001500135245011300150246000600263260003500269300006200304440003500366500007700401500012500478500003100603538014100634538012400775650001900899dpl20080723110517.0DVD||||||sp199 xxu|||||c|||| 00| 0 eng d aDVD-000832-834 aA3936c499.00  aDVD-000832-834 aDPLcDPL aDVD / PRIN aPrincess Stories :cWalt Disney Home Entertainmenth[videorecording] DVD/bVolume One -A Gift From the Heart a. bWalt Disney Home Entertainment a1 videodisc DVD; (63 min.) :bsd., col. ;c4 3/4 in.fDVD aWalt Disney Home Entertainment aSole Distributor in India M/s. Excel Productions Autio Visuals Pvt. Ltd. aBonus Features: Magic Wand Play, Princes Craft Time, Charm Bracelet, "If You Can Dream" Music Video, How To Be A Princes aThis DVD is Copy Protected aDolby Digital 2.0 -English, Thai, Mandarin, Cantonese,Spanish, Portuguese Subtitles: English, Chinese, Bahasa, thai, Spanish, Portuguese aAspect Ratio: 1.33:1, Presentation type: Full Frame, Presentation Size 4x3, Format DVD 9 Dual Layer Single Sided Disc. aAnimated Movie